Begin with we : (Record no. 24365)
[ view plain ]
| 000 -LEADER | |
|---|---|
| fixed length control field | 00848nam a22001697a 4500 |
| 020 ## - INTERNATIONAL STANDARD BOOK NUMBER | |
| ISBN | 9781544529905 |
| 041 ## - LANGUAGE CODE | |
| Language code of text/sound track or separate title | English |
| 082 ## - DEWEY DECIMAL CLASSIFICATION NUMBER | |
| Classification number | 658.4 |
| Item number | MCD |
| 100 ## - MAIN ENTRY--AUTHOR NAME | |
| Author name | McDowell, Kyle |
| 245 ## - TITLE STATEMENT | |
| Title | Begin with we : |
| Sub Title | 10 principles for building and sustaining a culture of excellence / |
| Statement of responsibility, etc | Kyle McDowell |
| 260 ## - PUBLICATION, DISTRIBUTION, ETC. (IMPRINT) | |
| Place of publication | USA : |
| Name of publisher | Lioncrest Publication, |
| Year of publication | 2022. |
| 300 ## - PHYSICAL DESCRIPTION | |
| Number of Pages | 321 pages ; |
| Dimensions | 24 cm. |
| 505 ## - FORMATTED CONTENTS NOTE | |
| Formatted contents note | 1. WE do the right thing. Always. -- 2. WE lead by example. -- 3. WE say what WE're going to do. Then WE do it. -- 4. WE take action. -- 5. WE own our mistakes. -- 6. WE pick each other up. -- 7. WE measure ourselves by outcomes, not activity. -- 8. WE challenge each other. Diplomatically. -- 9. WE embrace challenge. -- 10. WE obsess over details. Details matter. A lot. |
| 650 ## - SUBJECT ADDED ENTRY--TOPICAL TERM | |
| Subject | Executive management |
| 942 ## - ADDED ENTRY ELEMENTS (KOHA) | |
| Source of classification or shelving scheme | Dewey Decimal Classification |
| Koha item type | Books |
| Withdrawn status | Lost status | Source of classification or shelving scheme | Damaged status | Not for loan | Home library | Current library | Shelving location | Date acquired | Source of acquisition | Cost, normal purchase price | Bill Date | Full call number | Accession Number | Price effective from | Koha item type |
|---|---|---|---|---|---|---|---|---|---|---|---|---|---|---|---|
| Dewey Decimal Classification | Institute of Public Enterprise, Library | Institute of Public Enterprise, Library | S Campus | 06/16/2026 | Feel Books Pvt. Ltd. | 2605.68 | 20-04-2026 | 658.4 MCD | 51063 | 06/16/2026 | Books |

2cqr automation private limited, Chennai. All Rights Reserved.